| 000 | 00582nam a22001937a 4500 | ||
|---|---|---|---|
| 003 | OSt | ||
| 005 | 20140310182325.0 | ||
| 008 | 130921t xxu||||| |||| 00| 0 eng d | ||
| 020 | _a9870673358712 | ||
| 050 |
_aQ 160.2 _b.D631ru 1994 |
||
| 082 |
_aGS 507.8 Dis _bM-D 1994 |
||
| 245 |
_aDiscover the wonder : _bmodule d, running on sunlight / |
||
| 260 |
_aGlenview, Illinois: _bScottForesman, _cc1994. |
||
| 300 |
_a48 p.: _bcol. ; _c29 cm. |
||
| 440 |
_aDiscover the wonder: _nmodule D _921267 |
||
| 650 | _aScience experiements. | ||
| 942 |
_2lcc _cBK-GS _eGS |
||
| 999 |
_c11884 _d11884 |
||